Understanding Election (Record no. 2965)

MARC details
000 -LEADER
fixed length control field 00356nam a22001337a 4500
008 - FIXED-LENGTH DATA ELEMENTS--GENERAL INFORMATION
fixed length control field 250414b |||||||| |||| 00| 0 eng d
020 ## - INTERNATIONAL STANDARD BOOK NUMBER
ISBN 9780473505
100 ## - MAIN ENTRY--AUTHOR
Author Ujo A. Abdulhameed
245 ## - TITLE STATEMENT
Title Understanding Election
260 ## - PUBLICATION, DISTRIBUTION, ETC. (IMPRINT)
Place of publication Nigeria
Name of publisher Anyoato Enterprises & Publishers (Nigeria) Ltd
Date of publication 2002
300 ## - COLLATION
Pagination 303p.
942 ## - ADDED ENTRY ELEMENTS (KOHA)
Item type Books
050 ## - LIBRARY OF CONGRESS CALL NUMBER
Classification number JF 1001
Item number .U36
Holdings
Source of classification or shelving scheme Not for loan Permanent location Current location Date acquired Accession No. Full call number Barcode. Koha item type
Library of Congress Classification   Samuel Ogbemudia Main Library, University of Abuja Samuel Ogbemudia Main Library, University of Abuja 04/14/2025 2008/35917 JF 1001.U36 2025-1325 Books